000 01478nam a22003975c 4500
001 195826
003 SpMaBN
005 20250807080903.0
008 240721s2016 sp a 000 0 spa
017 _aB 1470-2016
_bOficina Depósito Legal Barcelona
020 _a9788416541379
035 _a(OCoLC)953013689
035 _aa5820244
040 _aSpMaBN
_bspa
_cSpMaBN
_erdc
080 _a343.551(450.52 F.)"14"
080 _a392.5(450.52 F.)"14"
100 _aBrucker, Gene A.
_d1924-
_0XX1015727
_9237565
245 1 0 _aGiovanni y Lusanna /
_cGene Brucker ; [traducción, Fernando Villaverde]
246 0 _iSubtítulo de la cubierta :
_aAmor y matrimonio en la Florencia renacentista
250 _aPrimera edición: febrero de 2016
260 _aBarcelona :
_bStella Maris,
_c2016.
300 _a109 p. :
_bil. ;
_c23 cm
336 _aTexto (visual)
_2isbdcontent
337 _asin mediación
_2isbdmedia
338 _2rdacarrier
_avolumen
504 _aBibliografía: p. 97-109
594 _aTítulo original: Giovanni and Lusanna
650 7 _aAdulterio
_zFlorencia (Italia)
_vHistoria
_2embne
_9237566
650 0 _aMatrimonio-
_zFlorencia
_9237567
852 _aEs-MaACL
_bR.153495
_cDEPOJ
_jN-8839
_hDonación: Editorial
942 _2udc
_cMONOGRAFIA
_n0
954 _iTatiana Alejandra de Castro Pérez
999 _c195826
_d195826